FLICT සංකල්පය සහ ව්යුහය (Record no. 4510)
[ view plain ]
| 000 -LEADER | |
|---|---|
| fixed length control field | 00587nam a2200181 4500 |
| 003 - CONTROL NUMBER IDENTIFIER | |
| control field | LK-CoMWRAF |
| 005 - DATE AND TIME OF LATEST TRANSACTION | |
| control field | 20240126104626.0 |
| 008 - FIXED-LENGTH DATA ELEMENTS--GENERAL INFORMATION | |
| fixed length control field | 231217b |||||||| |||| 00| 0 eng d |
| 040 ## - CATALOGING SOURCE | |
| Original cataloging agency | LK-CoMWRAF |
| Modifying agency | LK-CoMWRAF |
| Description conventions | LK-CoMWRAF |
| 041 ## - LANGUAGE CODE | |
| Language code of text/sound track or separate title | Sinhala; Sinhalese |
| 082 ## - DEWEY DECIMAL CLASSIFICATION NUMBER | |
| Classification number | 323 |
| Item number | BUR |
| 942 ## - ADDED ENTRY ELEMENTS (KOHA) | |
| Koha item type | Books |
| 100 ## - MAIN ENTRY--PERSONAL NAME | |
| Personal name | බර් ක්, ඇඩම් |
| 110 ## - MAIN ENTRY--CORPORATE NAME | |
| Corporate name or jurisdiction name as entry element | බැස්ටියන්, සුනිල් |
| 700 ## - ADDED ENTRY--PERSONAL NAME | |
| Personal name | මන්සූර්, එම්. එල්. එම්. |
| Relator Term | translator |
| 245 ## - TITLE STATEMENT | |
| Title | FLICT සංකල්පය සහ ව්යුහය |
| 246 ## - VARYING FORM OF TITLE | |
| Title proper/short title | FLICT Sankalpaya saha wyuhaya |
| Withdrawn status | Lost status | Damaged status | Not for loan | Permanent Location | Current Location | Date acquired | Full call number | Barcode | Koha item type |
|---|---|---|---|---|---|---|---|---|---|
| Resource center, Muslim Women's Research And Action Forum | Resource center, Muslim Women's Research And Action Forum | 2023-12-17 | 323 BUR | RAF4898 | Books |

